Города по Буквам — Е - Statistics

General Stats
  • This quiz has been taken 163 times
  • The average score is 5 of 11
Answer Stats
Подсказка Город % Correct
Столица Армении, в которой живёт треть её населения Ереван
99%
Бывший Свердловск; город где казнили императорскую семью Екатеринбург
94%
Город в Краснодарском крае, имя которого происходит от реки Еи Ейск
78%
Крымский город, известный своим маршрутом — "Малым Иерусалимом" Евпатория
70%
Город в Кавминводах со знаменитой минеральной водой Ессентуки
62%
Город — малая родина Шишкина и место самоубийства Цветаевой Елабуга
41%
Город Воинской славы на Дону Елец
33%
Город в Латвии, губернский город бывшей Курляндии, ранее — Митава Елгава
30%
Город в Латвии, исторически был двумя разными городами — Якобштадт и Крейцбург Екабпилс
11%
Шведский город, имеющий традицию устанавливать гигантского соломенного козла на Рождество Евле
9%
Польский город, название которого переводится как "Оленья гора" Еленя-Гура
5%
No matching quizzes found
Score Distribution
Percent of People with Each Score
Percentile by Number Answered
Your Score History
You have not taken this quiz